01003cam a2200289 a 450000100040000000500170000402000180002104000230003905000240006208200120008610000240009824500790012225000440020126000340024530000420027949000300032150000290035150500080038052001590038852100200054752100200056765000260058765000200061365000230063365000260065670000310068298220230908162209.0 a9780439540148 aDLCcDLCdDLCbeng00aPZ7.O81167bHi 200300aFic2211 aOsborne, Mary Pope.10aHigh tide in Hawaii /cby Mary Pope Osborne ; illustrated by Sal Murdocca. aFirst Scholastic printing, January 2004 aNew York :bScholasticc2003. a73 pages. :billustrations. ;c20 cm. aMagic Tree HousevBook 28 a"A stepping stone book." aN  aJack and Annie travel in their Magic Tree House back to a Hawaiian island of long ago where they make friends, learn how to surf, and encounter a tsunami. a570 bLexile  aN bRaz-Plus  1aTime travelvFiction. 1aMagicvFiction. 1aSiblingsvFiction. 1aTree housesvFiction.1 aMurdocca, Saleillustrator